LEADER 01590nam 2200481 450 001 9910715479203321 005 20210323121641.0 035 $a(CKB)5470000002511250 035 $a(OCoLC)1242934269 035 $a(EXLCZ)995470000002511250 100 $a20210323d1985 ua 0 101 0 $aeng 135 $aurbn||||||||| 181 $ctxt$2rdacontent 182 $cc$2rdamedia 183 $acr$2rdacarrier 200 10$aEnergy efficient engine $eflight propulsion system, final design and analysis /$fby D.Y. Davis, E.M. Stearns 210 1$a[Washington, D.C.] :$cNational Aeronautics and Space Administration,$d1985. 215 $a1 online resource (xii, 158 pages) $cillustrations 225 1 $a[NASA contractor report] ;$vNASA CR-168219 300 $a"August 1985." 300 $a"R83AEB488." 320 $aIncludes bibliographical references (page 149). 517 $aEnergy efficient engine 606 $aEnergy conservation 606 $aAirplanes$xMotors 606 $aEnergy conservation$2nasat 606 $aAirplanes$xMotors$2fast 606 $aEnergy conservation$2fast 615 0$aEnergy conservation. 615 0$aAirplanes$xMotors. 615 7$aEnergy conservation. 615 7$aAirplanes$xMotors. 615 7$aEnergy conservation. 700 $aDavis$b D. Y.$01420645 702 $aStearns$b E. M. 712 02$aUnited States.$bNational Aeronautics and Space Administration, 801 0$bGPO 801 1$bGPO 906 $aBOOK 912 $a9910715479203321 996 $aEnergy efficient engine$93539267 997 $aUNINA